Ritual, Politics and Power (Record no. 9491)

MARC details
000 -LEADER
fixed length control field 00653nam a2200253 a 4500
020 ## - INTERNATIONAL STANDARD BOOK NUMBER
ISBN 0300627
082 00 - DEWEY DECIMAL CLASSIFICATION NUMBER
Classification number 306.2
Author Cutter KER
100 ## - MAIN ENTRY--AUTHOR NAME
Author name Kertzer, David I
245 ## - TITLE STATEMENT
Title Ritual, Politics and Power
260 ## - PUBLICATION, DISTRIBUTION, ETC. (IMPRINT)
Place of publication New Haven
Name of publisher Yale University Press
Year of publication 1988
300 ## - PHYSICAL DESCRIPTION
Number of Pages 235p
500 ## - GENERAL NOTE
General note includes index and biblioraphy
505 2# - FORMATTED CONTENTS NOTE
Formatted contents note Index
650 ## - SUBJECT ADDED ENTRY--TOPICAL TERM
Topical Term Political.Cust.& Rites-Cross.Cult.S
650 ## - SUBJECT ADDED ENTRY--TOPICAL TERM
Topical Term Rites And Ceremonies
942 ## - ADDED ENTRY ELEMENTS (KOHA)
Koha item type Books
700 1# -
-- Kertzer, David I
Holdings
Collection code Home library Current library Date acquired Cost, normal purchase price Full call number Accession Number Koha item type
  Henry Martyn Institute Library Henry Martyn Institute Library 04/04/2007 486.50 306.2 KER 017544 Books
                   Copyright © 2026 | Henry Martyn Institute | Hyderabad | TS-500052 | INDIA | Implemented by hmi.edu.in
Hit-Count:

Powered by Koha